Open Data Biblioteca Nacional de Portugal


República Portuguesa: Ministério da Cultura
Biblioteca Nacional de Portugal

Catálogo da BNP: acesso por Identificadores Unívocos
Registos Bibliográficos associados ao registo de autoridade

Etiqueta de registo: 00000nkm 2200025 450
001 2270813
003 http://id.bnportugal.gov.pt/bib/catbnp/2270813
100 ## $a20260224f1980 m y0pory01030103ba
101 0# $aeng$aheb
102 ## $aIL
200 1# $aTel Aviv-yafo$bVisual gráfico]$fEl Al Israel Airlines$gSharir
210 #9 $aTel Aviv$cEl Al Israel Airlines,$d[1980]
215 ## $a1 cartaz$ccolor.$d68x98cm
316 ## $aDatação em conformidade com as características formais do documento
317 ## $aColeção Madeira Luís
710 02 $aEl Al Israel Airlines$31985760
712 01 $aSharir, $bDavid, $f1938-$31987017
801 #0 $aPT$bBN$gRPC
966 ## $lBN$mICONOG$sCT. 7418 R.$x3
971 ## $cCaticonografia8$d20260224
995 ## $aPRR2026 $d20260224$iCaticonografia8

OpendataBNP@bnportugal.pt | Mais informação sobre acesso aos dados BNP